Estadística y observación económica / (Record no. 118887)

MARC details
000 -LEADER
campo de control de longitud fija 00946nam a2200265 4500
001 - NÚMERO DE CONTROL
campo de control 118887
003 - IDENTIFICADOR DE NÚMERO DE CONTROL
campo de control ES-MaACL
005 - FECHA Y HORA DE LA ÚLTIMA TRANSACCIÓN
campo de control 20250721062618.0
007 - CAMPO FIJO DE DESCRIPCIÓN FÍSICA--INFORMACIÓN GENERAL
campo de control de longitud fija t|
008 - DATOS DE LONGITUD FIJA--INFORMACIÓN GENERAL
campo de control de longitud fija 070214s1967 sp r ||||1| spa d
080 ## - NÚMERO DE LA CLASIFICACIÓN DECIMAL UNIVERSAL
Número de la Clasificación Decimal Universal 33
100 1# - ENTRADA PRINCIPAL--NOMBRE DE PERSONA
Nombre de persona Piatier, André.
9 (RLIN) 91750
245 10 - MENCIÓN DEL TÍTULO
Título Estadística y observación económica /
Mención de responsabilidad, etc. por André Piatier ; traducción de Julián Leal [v. 1] [ y Nuria Bozzo Durán, v. 2].
260 ## - PUBLICACIÓN, DISTRIBUCIÓN, ETC.
Lugar de publicación, distribución, etc. Esplugues de Llobregat, Barcelona :
Nombre del editor, distribuidor, etc. Ariel,
Fecha de publicación, distribución, etc. [1967]
300 ## - DESCRIPCIÓN FÍSICA
Extensión 2 v. :
Otras características físicas gráf. ;
Dimensiones 23 cm.
504 ## - NOTA DE BIBLIOGRAFÍA, ETC.
Nota de bibliografía, etc. Referencias bibliográficas.
505 8# - NOTA DE CONTENIDO CON FORMATO
Nota de contenido con formato Contiene: 1. Metodología, estadística (415 p.) - 2. Econometría, coyuntura, contabilidad nacional (415 p.)
650 #7 - PUNTO DE ACCESO ADICIONAL DE MATERIA--TÉRMINO DE MATERIA
Término de materia o nombre geográfico como elemento de entrada Economía
Fuente del encabezamiento o término embne
9 (RLIN) 12006
650 #4 - PUNTO DE ACCESO ADICIONAL DE MATERIA--TÉRMINO DE MATERIA
Término de materia o nombre geográfico como elemento de entrada Econometría.
9 (RLIN) 12005
700 1# - ENTRADA AGREGADA--NOMBRE PERSONAL
Nombre de persona Leal, Julián.
9 (RLIN) 70970
700 1# - ENTRADA AGREGADA--NOMBRE PERSONAL
Nombre de persona Bozzo Durán, Nuria.
9 (RLIN) 31222
852 4# - LOCALIZACIÓN
Ubicación ES-MaACL
Número de control de estantería C-33244-45
852 4# - LOCALIZACIÓN
Ubicación ES-MaACL
Número de control de estantería E-5847-48
Holdings
Estatus retirado Estado de pérdida Estado de daño No para préstamo Biblioteca de origen Biblioteca actual Ubicación en estantería Fecha de adquisición Fuente de adquisición Total de préstamos Signatura topográfica completa Código de barras Visto por última vez Precio de reemplazo Tipo de ítem Koha
        Biblioteca del Ateneo de Madrid Biblioteca del Ateneo de Madrid Depósito 2 23/11/2021     C-33244-45 1202736 23/02/2023 23/02/2023 Libro impreso
        Biblioteca del Ateneo de Madrid Biblioteca del Ateneo de Madrid Depósito 2 17/01/2008     E-5847-8 1123940 23/02/2023 23/02/2023 Libro impreso